National Cadet Corps: (Record no. 224935)
[ view plain ]
| 000 -LEADER | |
|---|---|
| fixed length control field | 00510nam a22001817a 4500 |
| 005 - DATE AND TIME OF LATEST TRANSACTION | |
| control field | 20221028144143.0 |
| 008 - FIXED-LENGTH DATA ELEMENTS--GENERAL INFORMATION | |
| fixed length control field | 221028b ||||| |||| 00| 0 eng d |
| 040 ## - CATALOGING SOURCE | |
| Transcribing agency | AL |
| 041 ## - LANGUAGE CODE | |
| Language code of text/sound track or separate title | eng |
| 082 ## - DEWEY DECIMAL CLASSIFICATION NUMBER | |
| Edition number | 23 |
| Classification number | 369.4 |
| Item number | YAMN |
| 100 ## - MAIN ENTRY--PERSONAL NAME | |
| Personal name | Tony Tan Keng Yam |
| 100 ## - MAIN ENTRY--PERSONAL NAME | |
| 9 (RLIN) | 60429 |
| 245 ## - TITLE STATEMENT | |
| Title | National Cadet Corps: |
| Remainder of title | Hundred years of distinction |
| 260 ## - PUBLICATION, DISTRIBUTION, ETC. | |
| Place of publication, distribution, etc. | Singapore |
| Name of publisher, distributor, etc. | National Cadet Corps |
| Date of publication, distribution, etc. | 2000 |
| 300 ## - PHYSICAL DESCRIPTION | |
| Extent | 104p. |
| Other physical details | HB |
| Dimensions | 28x23cm. |
| 650 ## - SUBJECT ADDED ENTRY--TOPICAL TERM | |
| Topical term or geographic name entry element | NCC Camps |
| 9 (RLIN) | 60430 |
| 700 ## - ADDED ENTRY--PERSONAL NAME | |
| Personal name | YAM (Tony Tan Keng) |
| 9 (RLIN) | 60431 |
| 942 ## - ADDED ENTRY ELEMENTS (KOHA) | |
| Source of classification or shelving scheme | Dewey Decimal Classification |
| Koha item type | George Fernandes Collections |
| Withdrawn status | Lost status | Source of classification or shelving scheme | Damaged status | Not for loan | Collection code | Home library | Current library | Date acquired | Total Checkouts | Full call number | Barcode | Date last seen | Price effective from | Koha item type |
|---|---|---|---|---|---|---|---|---|---|---|---|---|---|---|
| Dewey Decimal Classification | Others | St Aloysius Library | St Aloysius Library | 03/24/2013 | 369.4 YAMN | GF03111 | 10/28/2022 | 10/28/2022 | George Fernandes Collections |